Catalog

Record Details

Catalog Search



Investing in fixer-uppers : a complete guide to ... Read More

DeCima, Jay P.(Author).

Available copies

  • 1 of 1 copy available at LARL/NWRL Consortium. (Show)
  • 1 of 1 copy available at Northwest Regional Library.

Current holds

0 current holds with 1 total copy.

Show Only Available Copies
Location Call Number / Copy Notes Barcode Shelving Location Status Due Date
Thief River Falls Public Library 332.6324 DEC (Text) 35500004057806 Main Available -

Record details

  • ISBN: 0071414339 (alk. paper)
  • Physical Description: xvi, 320 p. ; 23 cm.
  • Publisher: New York : McGraw-Hill, c2003.

Content descriptions

Bibliography, etc. Note:
Includes bibliographical references (p. 303-305) ... Read More
Subject: Real estate investment
House buying.
LDR 00969cam a22002537a 4500
00182755
003LARL_NWRL_CONSORTIUM
00520040707111601.0
008021217s2003 nyu b 001 0 eng
010 . ‡a2003274819
015 . ‡aGBA3-Z7791
020 . ‡a0071414339 (alk. paper)
035 . ‡a(OCoLC)51272390
040 . ‡aUKM ‡cUKM ‡dNAB ‡dEPL ‡dDLC
042 . ‡alccopycat
08204. ‡a332.63243 ‡221
1001 . ‡aDeCima, Jay P. ‡0(LARL_NWRL_CONSORTIUM)182533
24510. ‡aInvesting in fixer-uppers : ‡ba complete guide to buying low, fixing smart, adding value, and selling (or renting) high / ‡cJay P. DeCima.
260 . ‡aNew York : ‡bMcGraw-Hill, ‡cc2003.
300 . ‡axvi, 320 p. ; ‡c23 cm.
504 . ‡aIncludes bibliographical references (p. 303-305) and index.
650 0. ‡aReal estate investment ‡0(LARL_NWRL_CONSORTIUM)29487
650 0. ‡aHouse buying. ‡0(LARL_NWRL_CONSORTIUM)22462
901 . ‡a82755 ‡bISxN ‡c82755 ‡tbiblio

Additional Resources